Vivat rex! : an exhibition commemorating the 500th anniversary of the accession of Henry VIII /

Bibliographic Details
Main Author: Schwarz, Arthur L.
Corporate Authors: Grolier Club, Folger Shakespeare Library, Houghton Library, Pierpont Morgan Library
Format: Book
Language:English
Published: New York : Grolier Club, 2009.
Subjects:

MARC

Tag First Indicator Second Indicator Subfields
LEADER 00000cam a2200000 a 4500
001 in00002478621
005 20151110090338.0
008 090209s2009 nyuach bc 001 0deng d
020 |a 1605830178 
020 |a 9781605830179 
035 |a (OCoLC)ocn302283424 
040 |a AN#  |c AN#  |d VXM  |d BWX  |d CDX  |d TXA  |d UtOrBLW 
043 |a e-uk--- 
049 |a TXAM 
082 0 |a 942.0520924  |2 22 
090 |a DA332  |b .S39 2009 
100 1 |a Schwarz, Arthur L. 
245 1 0 |a Vivat rex! :  |b an exhibition commemorating the 500th anniversary of the accession of Henry VIII /  |c Arthur L. Schwarz. 
264 1 |a New York :  |b Grolier Club,  |c 2009. 
300 |a x, 236 pages :  |b color illustrations, facsimiles, portraits ;  |c 28 cm. 
336 |a text  |b txt  |2 rdacontent 
337 |a unmediated  |b n  |2 rdamedia 
338 |a volume  |b nc  |2 rdacarrier 
500 |a "Catalog of the exhibition held at the Grolier Club ... March 4-May 2, 2009, and at the Folger Shakespeare Library ... September 18-December 21, 2010"--Title page verso. 
500 |a "In collaboration with Folger Shakespeare Library, Houghton Library of the Harvard College Library, The Morgan Library & Museum." 
504 |a Includes bibliographical references (pages 217-225) and index. 
500 |a Includes reproduction and discussion of Morgan autograph ms. MA 6443. 
600 0 0 |a Henry  |b VIII,  |c King of England,  |d 1491-1547  |x Anniversaries, etc.  |v Exhibitions. 
600 0 0 |a Henry  |b VIII,  |c King of England,  |d 1491-1547  |v Exhibitions. 
651 0 |a Great Britain  |x History  |y Henry VIII, 1509-1547  |v Exhibitions. 
650 0 |a Rare books  |z New York (State)  |z New York  |v Bibliography  |v Exhibitions. 
710 2 |a Grolier Club. 
710 2 |a Folger Shakespeare Library. 
710 2 |a Houghton Library. 
710 2 |a Pierpont Morgan Library. 
948 |a cataloged  |b h  |c 2009/4/3  |d c  |e dmitchel  |f 10:20:30 am 
994 |a C0  |b TXA 
999 |a MARS 
999 f f |s e93ca179-f854-3683-9fcf-9bed6528863a  |i 0691e900-0263-3fec-b084-58f863d9c0c9  |t 0 
952 f f |p normal  |a Texas A&M University  |b College Station  |c Sterling C. Evans Library  |d Evans: Library Stacks  |t 0  |e DA332 .S39 2009  |h Library of Congress classification  |i unmediated -- volume  |m A14839817758 
998 f f |a DA332 .S39 2009  |t 0  |l Evans: Library Stacks